banner-ar

الاوضاع البيئية فى الاندلس / (Record no. 64673)

MARC details
000 -الفاتح
حقل البيانات ثابتة الطول 01992nam a22003137a 4500
005 - وقت وتاريخ اخر تعامل مع التسجيلة
رقم الضبط 20240530110744.0
008 - عناصر البيانات ثابتة الطول - معلومات عامة
حقل البيانات ثابتة الطول 181118s2018 ua bhk g b 000 0 ara d
017 ## - رقم الايداع القانونى
رقم الايداع القانونى 2015/1327 (ج1)
المصدر ( الهيئة المختصة) مصر. دار الكتب
017 ## - رقم الايداع القانونى
رقم الايداع القانونى 2015/13272 (ج2)
المصدر ( الهيئة المختصة) مصر. دار الكتب
017 ## - رقم الايداع القانونى
رقم الايداع القانونى 2015/13271 (ج3)
المصدر ( الهيئة المختصة) مصر. دار الكتب
020 ## - الرقم الدولى المعيارى للكتب
الرقم الدولى المعيارى للكتاب 9789772122493 (ج1)
020 ## - الرقم الدولى المعيارى للكتب
الرقم الدولى المعيارى للكتاب 9789772122516 (ج2)
020 ## - الرقم الدولى المعيارى للكتب
الرقم الدولى المعيارى للكتاب 9789772122509 (ج3)
040 ## - مصدر الفهرسة
وكالة الفهرسة الأصلية EG-CaGPL
وكالة النسخ EG-CaGPL
082 04 - رقم تصنيف ديوى العشرى
رقم الطبعة 21
رقم التصنيف 953.071 /
رقم المادة س أ
100 0# - المدخل الرئيسى - إسم شخصى
الإسم الشخصى سيف الاسلام السمان
245 12 - بيان العنوان
العنوان الاوضاع البيئية فى الاندلس /
بيان المسئوليه,etc سيف الاسلام السمان
260 ## - PUBLICATION, DISTRIBUTION, ETC. (IMPRINT)
تاريخ النشر أو التوزيع 2018.
300 ## - الوصف المادى
التعداد 3 جزء :
تفاصيل ماديه اخرى للوعاء ايض ؛
أبعاد الوعاء 24 سم.
500 ## - تبصرة عامة
تبصرة عامة الجزء الاول، المظاهر العمرانية والبيئية الاقتصادية منذ الفتح الاسلامى للاندلس حتى نهاية عصر دويلات الطوائف ( 92 هـ - 482 هـ / 711 م - 1091 م ) -- الجزء الثانى، البيئة الصحية والطبية فى الاندلس منذ الفتح الاسلامى للاندلس حتى نهاية عصر دويلات الطوائف ( 92 هـ - 484 هـ / 711 م - 1091 م ) -- الجزء الثالث، الحياة الاجتماعية والفكرية منذ الفتح الاسلامى للاندلس حتى نهاية عصر دويلات الطوائف ( 92 هـ - 484 هـ / 711 م - 1091 م ).
504 ## - تبصرة ببليوجرافية
تبصرة ببليوجرافية,الخ يشتمل على ارجاعات ببليوجرافية
651 07 - المدخل الاضافى بالموضوع - اسم جغرافى
مصدر الرأس أو المصطلح qrmak
الاسم الجغرافي الاندلس
التقسيم الفرعي العام عمارة
651 07 - المدخل الاضافى بالموضوع - اسم جغرافى
مصدر الرأس أو المصطلح qrmak
الاسم الجغرافي الاندلس
التقسيم الفرعي العام الاحوال الاقتصادية
651 07 - المدخل الاضافى بالموضوع - اسم جغرافى
مصدر الرأس أو المصطلح qrmak
الاسم الجغرافي الاندلس
التقسيم الفرعي العام الاحوال البيئية
651 07 - المدخل الاضافى بالموضوع - اسم جغرافى
مصدر الرأس أو المصطلح qrmak
الاسم الجغرافي الاندلس
التقسيم الفرعي العام الاحوال الاجتماعية
651 07 - المدخل الاضافى بالموضوع - اسم جغرافى
مصدر الرأس أو المصطلح qrmak
الاسم الجغرافي الاندلس
التقسيم الفرعي العام الاحوال الثقافية
942 ## - عناصر المدخل الإضافي( كوها)
مصدر التصنيف او مخطط الترفيف Dewey Decimal Classification
Koha [default] item type كتاب
260 ## - PUBLICATION, DISTRIBUTION, ETC. (IMPRINT)
-- الاسكندرية :
-- مؤسسة شباب الجامعة ،
Holdings
حالة التراجع حالة الفقد حالة تلف ليس للاعارة المكان المؤقت الموقع الحالى موقع الترفيف تاريخ الاكتساب اجمالي اﻻعارات رقم الطلب الباركود تاريخ اخر مشاهدة تاريخ تفعيل السعر نوع وعاء كوها
        مكتبة القاهرة الكبرى مكتبة القاهرة الكبرى القاعة الرئيسية 11/18/2018   953.071 / س أ 165126 11/18/2018 11/18/2018 كتاب
        مكتبة القاهرة الكبرى مكتبة القاهرة الكبرى القاعة الرئيسية 11/18/2018   953.071 / س أ 165127 11/18/2018 11/18/2018 كتاب
        مكتبة القاهرة الكبرى مكتبة القاهرة الكبرى القاعة الرئيسية 11/18/2018   953.071 / س أ 165128 11/18/2018 11/18/2018 كتاب

Powered By

EGPV